Statistics for Inertia Lyrics - AJR

Click here to take the quiz!

General Stats

  • This quiz has been taken 30 times
  • The average score is 303 of 384

Answer Stats

Answer% Correct
I
95%
in
91%
jeans
91%
skinny
91%
it
86%
It's
86%
I've
86%
not
86%
nothing
86%
probably
86%
same
86%
the
86%
was
86%
a
82%
all
82%
am
82%
dance
82%
emotion
82%
fifteen
82%
friends
82%
goin'
82%
I'm
82%
inertia
82%
(Inertia)
82%
is
82%
lost
82%
My
82%
my
82%
quittin'
82%
right
82%
say
82%
Since
82%
this
82%
week
82%
where
82%
Where
82%
why
82%
worn
82%
an
77%
An
77%
are
77%
ask
77%
at
77%
be
77%
better
77%
big
77%
bluffin'
77%
broken
77%
but
77%
But
77%
'Cause
77%
chase
77%
do
77%
Don't
77%
don't
77%
down
77%
dreams
77%
going
77%
legs
77%
look
77%
me
77%
motion
77%
object
77%
planet
77%
plans
77%
their
77%
they're
77%
They're
77%
To
77%
two
77%
what
77%
can?
73%
dating's
73%
gonna
73%
got
73%
just
73%
like
73%
little
73%
out
73%
save
73%
today
73%
understand?
73%
when
73%
worst
73%
you
73%
You
73%
And
68%
anymore
68%
break
68%
family
68%
For
68%
Guess
68%
guess
68%
her
68%
hungry
68%
love
68%
met
68%
more
68%
move
68%
of
68%
packin'
68%
said
68%
screw
68%
she
68%
stick
68%
tiring
68%
town
68%
twenty
68%
up
68%
wanna
68%
with
68%
years
68%
you'd
68%
you'll
68%
your
68%
bigger
64%
everyone
64%
fuckin'
64%
knows
64%
life
64%
Oh
64%
oh
64%
sayin'
64%
so
64%
So
64%
stuck
64%
tiny
64%
tryin'
64%
would
64%
yeah
64%
you're
64%
mad?
59%
Now
59%
pants
59%
start
59%
these
59%
workin'
59%

Score Distribution

Percentile by Number Answered

Percent of People with Each Score

Your Score History

You have not taken this quiz